| 000 | 00527 a2200169 4500 | ||
|---|---|---|---|
| 003 | NUST | ||
| 005 | 20251215125120.0 | ||
| 040 | _cNust | ||
| 082 | _a621.382,HAS | ||
| 100 |
_aSahibzada, Sarah Shahid (TCC-20) _9132267 |
||
| 245 |
_aImplimentation of narrowband & wideband waveform for software defined radio / _cSarah Shahid Sahibzada, Qurat -ul-Ain and Midhat Javaid |
||
| 260 |
_aRawalpindi _bMCS (NUST) _c2012 |
||
| 300 | _axii, 79 p.; | ||
| 650 |
_aUG Project _9131132 |
||
| 651 |
_aTCC-20 _9131219 |
||
| 942 |
_cPR _2ddc |
||
| 999 |
_c190696 _d190696 |
||